[Event "Stockholm Elo Challenge"]
[Site "Stockholm"]
[Date "2019.06.01"]
[Round "6"]
[White "Pettersson, Alexander"]
[Black "Thiborg, Jesper"]
[Result "1-0"]
[WhiteElo "2045"]
[BlackElo "2085"]
[PlyCount "53"]
[EventDate "2019.05.29"]
[EventType "swiss"]
[EventRounds "7"]
[EventCountry "SWE"]
[SourceTitle "CBM 190 Extra"]
[Source "ChessBase"]
[SourceDate "2019.07.15"]
[SourceVersion "1"]
[SourceVersionDate "2019.07.15"]
[SourceQuality "1"]

1. d4 d5 2. c4 e6 3. Nc3 Nf6 4. cxd5 exd5 5. Bg5 Be7 6. e3 c6 7. Qc2 Nbd7 8. Bd3 Nf8 9. Nge2 Bd7 10. 0-0 Ne6 11. Bxf6 Bxf6 12. b4 Rc8 13. Rab1 Qe7 14. Rfc1 Qd6 15. b5 c5 16. dxc5 Rxc5 17. Qb3 0-0 18. Rd1 Rfc8 19. Nxd5 Rxd5 20. Bxh7+ Kxh7 21. Rxd5 Qb6 22. Rxd7 Kg8 23. Nf4 Rc3 24. Qd5 Nxf4 25. exf4 Rc2 26. Qxf7+ Kh8 27. Qe8+ 1-0

[Event "Hasselbacken op"]
[Site "Stockholm"]
[Date "2017.11.04"]
[Round "5"]
[White "Malmstig, Erik"]
[Black "Thiborg, Jesper"]
[Result "1-0"]
[WhiteElo "2319"]
[BlackElo "2080"]
[PlyCount "29"]
[EventDate "2017.11.03"]
[EventType "swiss"]
[EventRounds "8"]
[EventCountry "SWE"]
[SourceTitle "CBM 181 Extra"]
[Source "ChessBase"]
[SourceDate "2017.12.12"]
[SourceVersion "1"]
[SourceVersionDate "2017.12.12"]
[SourceQuality "1"]

1. c4 Nf6 2. d4 d5 3. cxd5 Qxd5 4. Nc3 Qa5 5. Nf3 g6 6. Bf4 Bg7 7. Nd2 Qb6 8. Nc4 Qe6 9. e3 c6 10. Ne5 0-0 11. Bc4 Qf5 12. h3 h5 13. Qb3 Ne8 14. g4 Qf6 15. Ne4 1-0

[Event "Hasselbacken op"]
[Site "Stockholm"]
[Date "2016.05.03"]
[Round "4"]
[White "Wahlbom, Magnus"]
[Black "Thiborg, Jesper"]
[Result "1-0"]
[WhiteElo "2223"]
[BlackElo "2052"]
[PlyCount "77"]
[EventDate "2016.04.30"]
[EventType "swiss"]
[EventRounds "9"]
[EventCountry "SWE"]
[SourceTitle "CBM 172 Extra"]
[Source "ChessBase"]
[SourceDate "2016.06.21"]
[SourceVersion "1"]
[SourceVersionDate "2016.06.21"]
[SourceQuality "1"]

1. e4 c6 2. d4 d5 3. e5 Bf5 4. Nf3 e6 5. Be2 Be7 6. 0-0 Nd7 7. Re1 g5 8. c4 dxc4 9. Bxc4 Nb6 10. Bd3 g4 11. Bxf5 exf5 12. Nfd2 Qxd4 13. Qc2 Qd7 14. Nf1 0-0-0 15. Ng3 Bb4 16. Nc3 Ne7 17. Bg5 Nbd5 18. Nxd5 Nxd5 19. Red1 Rde8 20. Bf6 Rhg8 21. Nxf5 Kb8 22. Bh4 h5 23. Qe4 Bc5 24. b4 Bb6 25. b5 Qe6 26. Rac1 g3 27. Bxg3 Rg4 28. Qf3 Reg8 29. bxc6 bxc6 30. h3 R4g5 31. Nd4 Rxg3 32. fxg3 Qxe5 33. Qf2 Qxg3 34. Qxg3+ Rxg3 35. Kh2 Bc7 36. Nxc6+ Ka8 37. Kh1 Ne3 38. Rd7 Bb6 39. Rb1 1-0

[Event "Hasselbacken op"]
[Site "Stockholm"]
[Date "2016.05.01"]
[Round "2"]
[White "Thiborg, Jesper"]
[Black "Rydstrom, Tom"]
[Result "0-1"]
[WhiteElo "2052"]
[BlackElo "2302"]
[PlyCount "60"]
[EventDate "2016.04.30"]
[EventType "swiss"]
[EventRounds "9"]
[EventCountry "SWE"]
[SourceTitle "CBM 172 Extra"]
[Source "ChessBase"]
[SourceDate "2016.06.21"]
[SourceVersion "1"]
[SourceVersionDate "2016.06.21"]
[SourceQuality "1"]

1. Nf3 d5 2. d4 Nf6 3. c4 e6 4. Nc3 c6 5. cxd5 exd5 6. Qc2 Be7 7. Bf4 0-0 8. e3 Nbd7 9. Be2 Re8 10. 0-0 Nf8 11. Ne5 g6 12. Bg3 Bf5 13. Bd3 Bxd3 14. Nxd3 Nh5 15. b4 Nxg3 16. hxg3 Bd6 17. b5 h5 18. bxc6 bxc6 19. Ne2 Rc8 20. Nc5 Qg5 21. Nf4 Nh7 22. Nb7 Bb8 23. Na5 Kg7 24. Rab1 h4 25. gxh4 Qxh4 26. Rxb8 Rxb8 27. Qxc6 Nf6 28. g3 Qh6 29. Kg2 Rb6 30. Rh1 Rxc6 0-1